000 00289nam a22001337a 4500
008 170309b xxu||||| |||| 00| 0 eng d
020 _a9780070669697
041 _aeng
080 _25 ED
_a611
100 _aSHM
101 _a6
245 _aHUMAN PHYSIOLOGY
_cVANDER.A.J
942 _2udc
_cBK
999 _c7280
_d7280